000 00348nam a2200145 i 4500
001 bg
100 1 _aRYKOWSKI, Z.
245 0 _aKalendarium polskie 1944-1984 /
_cZ. Rykowski, W. Władyka.
260 _aWarszawa,
_c1987.
700 1 _aWŁADYKA, W.
040 _cBPK
041 _apol
942 _cKS
008 s pl f |000 0 pol
999 _c23919
_d23919
856 _uhttp://koha.tu.koszalin.pl/cgi-bin/koha/opac-detail.pl?biblionumber=23919
_yKatalog online BPK